[Event "Marshall op"]
[Site "New York"]
[Date "1979.??.??"]
[Round "5"]
[White "Valvo, Michael J"]
[Black "Fedorowicz, John P"]
[Result "1/2-1/2"]
[WhiteElo "2460"]
[BlackElo "2405"]

1.g3 e6 2.Bg2 d5 3.Nf3 Nf6 4.O-O Nbd7 5.d3 Be7 6.Nbd2 O-O 7.e4 dxe4 8.dxe4 Nc5
9.e5 Nd5 10.Nc4 a5 11.Nd4 a4 12.a3 c6 13.Qh5 Bd7 14.h4 Be8 15.Qg4 f5 16.exf6 Nxf6
17.Qf4 Bh5 18.Qe5 Bf7 19.Bf4 Ng4 20.Qe2 Nf6 21.Rfe1 Nd5 22.Be5 Re8 23.Rad1 Nd7
24.Bd6 Bf6 25.Ne5 Nxe5 26.Bxe5 Bxe5 27.Qxe5 Qf6 28.Bh3 Qxe5 29.Rxe5 Nc7 30.Rde1 Rad8
31.c3 Rd5 32.f4 Kf8 33.Bg4 Ke7 34.Bd1 Rxe5 35.Rxe5 Ra8 36.Kf2 Kd6 37.c4 c5
38.Ne2 Be8 39.Nc3 Bc6 40.Rg5 Ne8 41.g4 Ra6 42.Re5 Nf6 43.Bf3 Bxf3 44.Kxf3 Rb6
45.Re2 Ra6 46.Nb5+ Kd7 47.g5 Ne8 48.Re5 Rc6 49.Nc3 Nd6 50.Nxa4 Nxc4 51.Rxc5 Kd6
52.Rb5 Kc7 53.Nc5 b6 54.Nd3 Nd6 55.Rb4 Nf5 56.h5 Rc2 57.Ne5 b5 58.Ng4 Nd6
59.Rb3 Kd8 60.h6 gxh6 61.Nxh6 Ke7 62.Rb4 Kd7 63.Ng8 Kc6 64.Nf6 Rh2 65.b3 Nf5
66.a4 bxa4 67.bxa4 h6 68.Rc4+ Kd6 69.Ne4+ Kd7 70.a5 Ra2 71.Ra4 Rxa4 72.Nc5+ Kc6
73.Nxa4 hxg5 74.fxg5 Kb5 75.Kf4 Kxa5 76.Nc5 Kb5 77.Nxe6 Ne7 78.Ke5 Kc6 79.Nf8 Kc7
80.Ke6 Kd8 81.Kf7 Nf5 82.Ne6+ Kd7 83.Nc5+ Kd6 84.Kf6 Nh4 85.Nd3 Kd7 86.Nf4 Ke8
87.Ne6 Kd7 88.Nd4 Ke8 89.Kg7 Ke7 90.Kh6 Kf8 91.Kh5 Ng2 92.Nf5 Kg8 93.Kg6 Nf4+
94.Kf6 Nh5+ 95.Kg6 Nf4+ 96.Kh6 Kf7 97.Kh7 Ke6 98.Ne3 Kf7 99.Nc4 Ke6 100.Kh6 Kf7
101.Ne5+ Ke6 102.Ng4 Ke7 103.Kh7  1/2-1/2

[Event "Marshall op"]
[Site "New York"]
[Date "1979.??.??"]
[Round "8"]
[White "Adam, W."]
[Black "Fedorowicz, John P"]
[Result "1/2-1/2"]
[WhiteElo "2200"]
[BlackElo "2405"]

1.c4 Nf6 2.Nc3 c5 3.g3 e6 4.Bg2 Be7 5.Nf3 O-O 6.O-O a6 7.d4 cxd4 8.Nxd4 Qc7
9.Qd3 d6 10.b3 Bd7 11.Bb2 Rd8 12.Rfd1 Be8 13.Rac1 Nbd7 14.e4 Rac8 15.Qe2 Bf8
16.Kh1 Qb8 17.f4 g6 18.g4 Bg7 19.Nc2 b5 20.Ne3 bxc4 21.Nxc4 d5 22.exd5 Qxf4
23.Rf1 Qxg4 24.Bf3 Qh3 25.Bg2 Qh4 26.dxe6 Nh5 27.Rf3 Ndf6 28.Rh3 Qg4 29.exf7+ Bxf7
30.Ne3 Qxe2 31.Nxe2 Rxc1+ 32.Bxc1 Ng4 33.Rf3 Ne5 34.Rf1 Nd3 35.Nc4 Nxc1 36.Rxc1 Bh6
37.Rf1 Be6 38.Bb7 Bh3 39.Bg2 Bf5 40.Ng3 Nxg3+ 41.hxg3 Rd3 42.Kh2 Bg5 43.Bf3 Rc3
44.Kg2 Kg7 45.Rf2 Bd8 46.Nd6 Be6 47.Ne4 Rc1 48.Rd2 Be7 49.Rd1 Rc7 50.Re1 Bf7
51.Re2 h5 52.Nc3 Ba3 53.Nd5 Rd7 54.Nf4 Kh6 55.Rc2 a5 56.Be4 Re7 57.Bf3 Be8
58.Re2 Rxe2+ 59.Nxe2 g5 60.Be4 Bc5 61.Nc3 Bd7 62.Nd1 Kg7 63.Nb2 Kf6 64.Nc4 Bb4
65.Kg1 h4 66.gxh4 gxh4 67.Kg2 Kg5 68.a3 Bc3 69.Nb6 h3+ 70.Kh2 Be6 71.b4 axb4
72.axb4 Be5+ 73.Kh1 Kf4 74.Bd5 Bg4 75.Nc4 Bd4 76.Nd2 Ke3 77.Nf1+ Kf2 78.Nh2 Bd7
79.Bb7 Bb5 80.Bd5 Kg3 81.Bb7 Bc3 82.Ba8 Bxb4 83.Be4  1/2-1/2

[Event "Marshall op"]
[Site "New York"]
[Date "1979.??.??"]
[Round "9"]
[White "Morris, Walter D"]
[Black "Fedorowicz, John P"]
[Result "1/2-1/2"]
[WhiteElo "2345"]
[BlackElo "2405"]

1.e4 c5 2.Nf3 d6 3.d4 cxd4 4.Nxd4 Nf6 5.Nc3 Nc6 6.Bc4 Qb6 7.Nb3 e6 8.O-O Be7
9.a4 O-O 10.a5 Qc7 11.Bd3 Ne5 12.Be3  1/2-1/2

[Event "Lone Pine"]
[Site "Lone Pine"]
[Date "1980.??.??"]
[Round "3"]
[White "Fedorowicz, John P"]
[Black "Panno, Oscar"]
[Result "1/2-1/2"]
[WhiteElo "2420"]
[BlackElo "2540"]

1.e4 c5 2.Nf3 e6 3.d4 cxd4 4.Nxd4 Nf6 5.Nc3 d6 6.f4 a6 7.Qf3 Qc7 8.g4 b5
9.g5 Nfd7 10.a3 Nc6 11.Nxc6 Qxc6 12.Bg2 Bb7 13.O-O g6 14.h4 Bg7 15.f5 gxf5
16.Qf2 Rc8 17.Bd2 Ne5 18.Rae1 Nc4 19.Bc1 Bxc3 20.bxc3 Ne5 21.exf5 Qxg2+ 22.Qxg2 Bxg2
23.Kxg2 Ke7 24.Bf4 Rxc3 25.Bxe5 Rxc2+ 26.Kg3 dxe5 27.Rxe5 Rc3+ 28.Kg4 h5+
29.Kf4 Rd8 30.g6 Kf6 31.fxe6 fxe6 32.Ke4+ Kg7 33.Rxe6 Rc4+ 34.Ke3  1/2-1/2

[Event "Lone Pine"]
[Site "Lone Pine"]
[Date "1980.??.??"]
[Round "5"]
[White "Shamkovich, Leonid"]
[Black "Fedorowicz, John P"]
[Result "0-1"]
[WhiteElo "2515"]
[BlackElo "2420"]

1.e4 c5 2.Nf3 Nc6 3.d4 cxd4 4.Nxd4 Nf6 5.Nc3 e5 6.Ndb5 d6 7.Bg5 a6 8.Na3 b5
9.Bxf6 gxf6 10.Nd5 f5 11.Nxb5 axb5 12.Bxb5 Bd7 13.exf5 Qg5 14.g4 Rb8 15.h4 Qd8
16.a4 Qa5+ 17.c3 Kd8 18.O-O Qa8 19.Nf6 Be7 20.Nxd7 Kxd7 21.Qd5 Rhg8 22.f3 Kc7
23.f6 Bxf6 24.Qxf7+ Be7 25.Rad1 Rbf8 26.Qd5 Rg6 27.h5 Rgf6 28.Kg2 Rf4 29.b4 e4
30.Rfe1 Ne5 31.Qe6 Qd8 32.Rd4 R8f6 33.Qd5 exf3+ 34.Kf1 f2 35.Ree4 Rxe4 36.Rxe4 Kb8
37.Be2 Qb6 38.Qg8+ Rf8 39.Qxh7 Qc7 40.Re3 Qa7 41.Qe4 Qxa4 42.Kg2 Qa1 43.Bf1 Rg8
44.Rg3 Bh4 45.Qd5 Qa8 46.Qxa8+ Kxa8 47.Re3 Nxg4 48.c4  0-1

[Event "Lone Pine"]
[Site "Lone Pine"]
[Date "1980.??.??"]
[Round "6"]
[White "Fedorowicz, John P"]
[Black "Torre, Eugenio"]
[Result "1/2-1/2"]
[WhiteElo "2420"]
[BlackElo "2520"]

1.e4 e5 2.Nf3 Nc6 3.Bb5 a6 4.Ba4 Nf6 5.O-O Be7 6.Bxc6 dxc6 7.Qe1 Nd7 8.b3 O-O
9.Bb2 Re8 10.Nxe5 Bf6 11.Nd3 Nc5 12.Bxf6 Qxf6 13.Nc3 Nxd3 14.cxd3 Qd6 15.Qe3 Rd8
16.Rfd1 Qxd3 17.Qf4 Rd6 18.Na4 Qd4 19.Rac1 b6 20.Rc4 Qd3 21.Rc3 Qd4 22.Rc4 Qd3
23.Rc3 Qe2 24.Rcc1 Qg4 25.Qxg4 Bxg4 26.f3 Bd7 27.d4 Be8 28.e5 Rd5 29.Nc3 Rd7
30.Ne2 Rdd8 31.Kf2 f6 32.exf6 gxf6 33.Ng3 Rd5 34.Ne4 Kf7 35.Nc3 Rd6 36.Ne4 Rd5
37.Nc3 Rd6 38.Ne4  1/2-1/2

[Event "Lone Pine"]
[Site "Lone Pine"]
[Date "1980.??.??"]
[Round "9"]
[White "Fedorowicz, John P"]
[Black "Kaplan, Julio P"]
[Result "1-0"]
[WhiteElo "2420"]
[BlackElo "2475"]

1.e4 c5 2.Nf3 d6 3.d4 cxd4 4.Nxd4 Nf6 5.Nc3 e6 6.Be3 b6 7.Qf3 Nc6 8.O-O-O Bd7
9.Qg3 Qb8 10.f4 b5 11.e5 dxe5 12.Nxc6 Bxc6 13.fxe5 b4 14.Ne2 Ne4 15.Qf4 g5
16.Qf3 h5 17.Ng3 Qb7 18.Nxh5 f5 19.exf6 Kf7 20.Qg4 Nc3 21.Bc4 Re8 22.bxc3 bxc3
23.Bb3 Bxg2 24.Ng3 Bxh1 25.Nxh1 Rh4 26.Qxg5 Rxh2 27.Nf2 Bh6 28.Qe5 Bxe3+
29.Qxe3 Qc7 30.Ne4 Rd8 31.Rg1 Rg8 32.Ng5+ Rxg5 33.Qxg5  1-0

[Event "New York MCC"]
[Site "New York"]
[Date "1980.??.??"]
[Round "6"]
[White "Fedorowicz, John P"]
[Black "Coudari, Camille"]
[Result "0-1"]
[WhiteElo "2420"]
[BlackElo "2325"]

1.e4 c5 2.Nf3 e6 3.d4 cxd4 4.Nxd4 Nf6 5.Nc3 d6 6.f4 a6 7.Qf3 Qb6 8.Nb3 Qc7
9.Bd3 b5 10.Be3 Nbd7 11.O-O Bb7 12.Rae1 Be7 13.a3 O-O 14.Qh3 e5 15.Kh1 Rfe8
16.fxe5 Nxe5 17.Nd4 g6 18.Bg1 Qd8 19.Qe3 Rc8 20.Re2 Nfd7 21.Qh3 Bf8 22.Ref2 Bg7
23.Rf4 Rc7 24.Nd5 Bxd5 25.exd5 Nc5 26.Be2 Na4 27.Qb3 Qa8 28.Rd1 Nc4 29.Bxc4 Rxc4
30.c3 Nb6 31.Rff1 Nd7 32.Nc6 Ne5 33.Nb4 Re4 34.Rde1 Nc4 35.Rxe4 Rxe4 36.Qc2 Qe8
37.Nxa6 Re2 38.Qd3 Rxb2 39.Nb4 Qe2 40.Qxe2 Rxe2 41.Rc1 Rd2 42.h3 Nxa3 43.Be3 Re2
44.Bf4 Nc4 45.Nc6 Rb2 46.Ra1 h6 47.Ra8+ Kh7 48.Ra7 Rf2 49.Bg3 Rf1+ 50.Kh2 Bxc3
51.Rb7 b4 52.Rb8 Rb1 53.Rb7 b3 54.Rxf7+ Kg8 55.Rc7 b2 56.Ne7+ Kf7 57.Nc8+ Kf6
58.Rxc4 Rc1 59.Nxd6 b1=Q 60.Ne4+ Kf7  0-1

[Event "New York MCC"]
[Site "New York"]
[Date "1980.??.??"]
[Round "10"]
[White "Fedorowicz, John P"]
[Black "Arnason, Jon L"]
[Result "1/2-1/2"]
[WhiteElo "2420"]
[BlackElo "2435"]

1.e4 c5 2.Nf3 Nc6 3.d4 cxd4 4.Nxd4 e5 5.Nb5 a6 6.Nd6+ Bxd6 7.Qxd6 Qf6 8.Qd1 Qg6
9.Nc3 d5 10.Nxd5 Qxe4+ 11.Be3 Nd4 12.Nc7+ Ke7 13.Rc1 Bg4 14.Qd3 Qxd3 15.cxd3 Rd8
16.h3 Bf5 17.g4 Bg6 18.f4 exf4 19.Bxf4 Nf6 20.Kf2 Ne6 21.Nxe6 fxe6 22.Rc7+ Rd7
23.Rxd7+ Kxd7 24.Bg2 Nd5  1/2-1/2

[Event "New York MCC"]
[Site "New York"]
[Date "1980.??.??"]
[Round "11"]
[White "Zapata, Alonso"]
[Black "Fedorowicz, John P"]
[Result "1-0"]
[WhiteElo "2410"]
[BlackElo "2420"]

1.e4 c5 2.Nf3 Nc6 3.d4 cxd4 4.Nxd4 Nf6 5.Nc3 e5 6.Ndb5 d6 7.Bg5 a6 8.Na3 b5
9.Bxf6 gxf6 10.Nd5 f5 11.Bd3 Be6 12.Qh5 Rg8 13.O-O f4 14.c4 Bg4 15.Qxh7 Rg6
16.cxb5 Rh6 17.Qxh6 Bxh6 18.bxc6 Kf8 19.f3 Be6 20.c7 Qg5 21.Nb6 Re8 22.Bxa6 f5
23.c8=Q Bxc8 24.Bxc8 fxe4 25.fxe4 Qd8 26.Nac4 d5 27.exd5 e4 28.Be6 f3 29.Nd7+ Kg7
30.gxf3  1-0

[Event "Lewisham"]
[Site "Lewisham"]
[Date "1981.??.??"]
[Round "?"]
[White "Hebden, Mark"]
[Black "Fedorowicz, John P"]
[Result "1-0"]
[WhiteElo "2315"]
[BlackElo "2435"]

1.e4 c5 2.f4 g6 3.Nf3 d6 4.Nc3 Bg7 5.Bb5+ Nc6 6.Bxc6+ bxc6 7.d3 Nh6 8.O-O f5
9.Qe1 O-O 10.e5 Qc7 11.Qg3 Rb8 12.Re1 Nf7 13.b3 Nd8 14.Na4 Ne6 15.Bb2 d5
16.c4 Rd8 17.Rad1 Ba6 18.Bc1 Qa5 19.Bd2 Qc7 20.Qf2 d4 21.Qh4 Bf8 22.h3 Qd7
23.Ba5 Rdc8 24.Ng5  1-0

[Event "Lone Pine op"]
[Site "Lone Pine"]
[Date "1981.??.??"]
[Round "?"]
[White "Fedorowicz, John P"]
[Black "Sosonko, Gennadi"]
[Result "0-1"]
[WhiteElo "2435"]
[BlackElo "2595"]

1.e4 c5 2.Nf3 d6 3.d4 cxd4 4.Nxd4 Nf6 5.Nc3 g6 6.Be3 Bg7 7.f3 Nc6 8.Qd2 O-O
9.O-O-O d5 10.exd5 Nxd5 11.Nxc6 bxc6 12.Bd4 e5 13.Bc5 Re8 14.Ne4 f5 15.Nd6 Bf8
16.Bc4 Be6 17.Nb7 Qh4 18.Bxd5 cxd5 19.Bxf8 Kxf8 20.Nc5 Bf7 21.Rhe1 Rad8 22.Nd3 e4
23.g3 Qf6 24.Nc5 Kg8 25.Nb3 Qa6 26.fxe4 dxe4 27.Qxd8 Rxd8 28.Rxd8+ Kg7 29.Kb1 Qb6
30.Rd2 Kf6 31.Nd4 Qa5 32.c3 Qxa2+ 33.Kc2 Bc4  0-1

[Event "Lone Pine op"]
[Site "Lone Pine"]
[Date "1981.??.??"]
[Round "?"]
[White "Fedorowicz, John P"]
[Black "Reshevsky, Samuel Herman"]
[Result "1-0"]
[WhiteElo "2435"]
[BlackElo "2485"]

1.e4 e5 2.Nf3 Nc6 3.Bb5 a6 4.Ba4 Nf6 5.O-O Be7 6.Re1 b5 7.Bb3 d6 8.c3 O-O
9.d4 Bg4 10.d5 Na5 11.Bc2 c6 12.h3 Bc8 13.dxc6 Qc7 14.Nbd2 Qxc6 15.Nf1 Nc4
16.Ng3 g6 17.b3 Nb6 18.Bh6 Re8 19.Qd2 Kh8 20.Ng5 Be6 21.Nxe6 fxe6 22.Bg5 Qc7
23.Re3 Rad8 24.Rf3 Ng8 25.Rd1 Bxg5 26.Qxg5 Rf8 27.Rfd3 d5 28.Qd2 Nf6 29.Qe2 Nbd7
30.Re3 Qb6 31.h4 d4 32.Rf3 dxc3 33.Rxc3 b4 34.Rf3 h5 35.Bd3 Nc5 36.Bc4 Ng4
37.Rf1 a5 38.Qc2 Qd6 39.Be2 Rfe8 40.Rc1 Rc8 41.Rd1 Qe7 42.Nf1 Na4 43.Bc4 Nc3
44.Rdd3 Nxe4 45.Rd1  1-0

[Event "Lone Pine op"]
[Site "Lone Pine"]
[Date "1981.??.??"]
[Round "?"]
[White "Fedorowicz, John P"]
[Black "McCambridge, Vincent"]
[Result "1/2-1/2"]
[WhiteElo "2435"]
[BlackElo "2335"]

1.e4 c5 2.Nf3 d6 3.d4 cxd4 4.Nxd4 Nf6 5.Nc3 a6 6.Be3 e6 7.Qf3 Nc6 8.O-O-O Bd7
9.Qg3 Qb8 10.f4 b5 11.e5 dxe5 12.Nxc6 Bxc6 13.fxe5 b4 14.exf6 bxc3 15.b3 gxf6
16.Bd4 Ba3+ 17.Kb1 Qxg3 18.hxg3 Ke7 19.Bxc3 Rhg8 20.Rd3 Be4 21.Rd4 Rxg3 22.Rxe4 Rxc3
23.Ra4 Bd6 24.Rxa6 Rxa6 25.Bxa6 Rg3 26.Bb7 Ba3 27.Bf3 e5 28.Re1 Ke6 29.Re3 Rg8
30.c4 f5 31.Bd5+ Kf6 32.Re2  1/2-1/2

[Event "Lone Pine op"]
[Site "Lone Pine"]
[Date "1981.??.??"]
[Round "?"]
[White "Frias, Victor J"]
[Black "Fedorowicz, John P"]
[Result "1/2-1/2"]
[WhiteElo "2390"]
[BlackElo "2435"]

1.e4 c5 2.Nf3 d6 3.d4 cxd4 4.Nxd4 Nf6 5.Nc3 Nc6 6.Be2 e5 7.Nf3 h6 8.O-O Be7
9.b3 O-O 10.Bb2 a6 11.a4 Be6 12.Re1 Rc8 13.Bf1 Nb4 14.Nd2 d5 15.exd5 Bg4
16.f3 Bf5 17.Nde4 Bxe4 18.Nxe4 Nxc2 19.Bxe5 Nxe1 20.Qxe1 Nxe4 21.Qxe4 Bd6
22.Bd3 f5 23.Qf4 g5 24.Qg3 f4 25.Qe1 Qb6+ 26.Kf1 Rfe8 27.Bh7+ Kf8 28.Bxd6+ Qxd6
29.Be4 Kg7 30.Qd2 b6 31.Rd1 a5 32.Qd4+ Qf6 33.d6 Qxd4 34.Rxd4 Rc3 35.b4 Rd8
36.b5 Rb3 37.d7 Rb4 38.Rd6 Rxa4 39.Bc6 Kf7 40.Rxh6 Ra1+ 41.Ke2 a4 42.Kd3 Rc1
43.Kd2 Rc5 44.Rd6 Re5 45.Rd4 a3 46.Ra4 Re3 47.h4 Ke7 48.hxg5 Rb3 49.Rxf4 a2
50.Ra4 Rb2+ 51.Ke3 Rxg2 52.f4 Rb2 53.Kf3 Rd2 54.Kg4 Rg8 55.Re4+ Kf7 56.Ra4 Ke7
57.Ra7 Ke6 58.Ra4  1/2-1/2

[Event "Lone Pine op"]
[Site "Lone Pine"]
[Date "1981.??.??"]
[Round "?"]
[White "Fedorowicz, John P"]
[Black "Davies, Nigel R"]
[Result "1-0"]
[WhiteElo "2435"]
[BlackElo "2360"]

1.e4 c6 2.d4 d5 3.Nc3 dxe4 4.Nxe4 Nf6 5.Nxf6+ gxf6 6.c3 Bf5 7.Nf3 e6 8.g3 Qd5
9.Qe2 Nd7 10.Bg2 Be4 11.O-O Nb6 12.b3 Bg7 13.c4 Bxf3 14.Bxf3 Qxd4 15.Bb2 Qc5
16.a4 Nd7 17.Bh5 Qe7 18.Bf3 Ne5 19.Bg2 O-O 20.f4 Ng6 21.Ba3 c5 22.f5 Ne5
23.Be4 Rad8 24.Rae1 Bh6 25.Qh5 Bd2 26.Re2 Kh8 27.Kh1 Rg8 28.fxe6 fxe6 29.Bxc5 Qg7
30.Rxf6 Bg5 31.Rf1 b6 32.Ba3 h6 33.Bb2 Rgf8 34.Rfe1 Bf6 35.Ba3 Rg8 36.Rf1 Bg5
37.Bg2 Bf6 38.Bc1 Ng4 39.h3 Nh2 40.Bxh6  1-0

[Event "Lone Pine op"]
[Site "Lone Pine"]
[Date "1981.??.??"]
[Round "?"]
[White "Romanishin, Oleg M"]
[Black "Fedorowicz, John P"]
[Result "1-0"]
[WhiteElo "2595"]
[BlackElo "2435"]

1.Nf3 c5 2.g3 b6 3.Bg2 Bb7 4.O-O Nf6 5.d3 d6 6.e4 g6 7.Re1 Bg7 8.Nc3 a6 9.d4 cxd4
10.Nxd4 e5 11.Nb3 O-O 12.Be3 Qc7 13.Qd2 Re8 14.Rad1 Bf8 15.Bg5 Nbd7 16.Nc1 b5
17.Nd3 Be7 18.a3 Rad8 19.Nb4 Nb6 20.Bxf6 Bxf6 21.Qe2 Bg7 22.Ncd5 Nxd5 23.Nxd5 Qb8
24.c3 Kh8 25.Rd2 Rf8 26.Red1 f5 27.exf5 gxf5 28.Qh5 Rde8 29.Bh3 Re6 30.Bxf5 Rh6
31.Qg4 Bxd5 32.Rxd5 Rhf6 33.Be4 Qb6 34.R5d2 Rxf2 35.Rxf2 Qxf2+ 36.Kh1 Rf6
37.Qh3 h6 38.Qc8+ Rf8 39.Qg4 Qf6 40.Bg2 Rd8 41.Rf1 Qg5 42.Qe6 Rf8 43.Qxd6 Rxf1+
44.Bxf1 Qc1 45.Qd8+ Kh7 46.Qd3+ Kg8 47.Qe2 Bf6 48.Kg2 e4 49.Kh3 Kf8 50.Bg2 e3
51.Qf3 Kf7 52.Qb7+ Be7 53.Bd5+ Ke8 54.Qc8+  1-0

[Event "Lone Pine op"]
[Site "Lone Pine"]
[Date "1981.??.??"]
[Round "?"]
[White "Ivanovic, Bozidar"]
[Black "Fedorowicz, John P"]
[Result "1-0"]
[WhiteElo "2490"]
[BlackElo "2435"]

1.e4 c5 2.Nf3 d6 3.d4 cxd4 4.Nxd4 Nf6 5.Nc3 Nc6 6.Bc4 Qb6 7.Nde2 e6 8.O-O Be7
9.Be3 Qc7 10.Ng3 a6 11.f4 b5 12.Bb3 Na5 13.f5 Nxb3 14.cxb3 O-O 15.Rc1 Qb7
16.b4 a5 17.a3 axb4 18.axb4 Bd7 19.Bg5 Kh8 20.Nh5 Rae8 21.Nxf6 gxf6 22.Bh4 Bc6
23.Qd4 e5 24.Qe3 Rg8 25.Ra1 Ra8 26.h3 Rxa1 27.Rxa1 Ra8 28.Rd1 Kg7 29.Kh2 h6
30.Qe2 Kh7 31.Qh5 Rg8 32.Qe2 Qa8 33.Nd5 Bd8 34.Qh5 Qb7 35.Bf2 Rg5 36.Qf3 Bxd5
37.Rxd5 Qc6 38.Qd3 Be7 39.Be3 Rg7 40.b3 Qa6 41.Qd2 Qa1 42.Rxb5 Qb1 43.Rb7 Bf8
44.Rb8 Rg8 45.Qd5 Qf1 46.Qd2 d5 47.exd5 e4 48.Rb6 Qxf5 49.d6 h5 50.Rc6 Qe5+
51.Kh1 Qa1+ 52.Rc1 Qe5 53.Bf4 Qe6 54.Rc5 Qxb3 55.Rxh5+ Kg6 56.Qe2 Qe6 57.Rh4 f5
58.Qh5+ Kf6 59.Qh7 Rxg2 60.Qh8+ Bg7  1-0

[Event "Ed.Lasker mem"]
[Site "New York"]
[Date "1981.??.??"]
[Round "6"]
[White "Kuligowski, Adam"]
[Black "Fedorowicz, John P"]
[Result "1/2-1/2"]
[WhiteElo "2450"]
[BlackElo "2435"]

1.Nf3 e6 2.d4 Nf6 3.g3 b5 4.Bg2 Bb7 5.O-O c5 6.c3 Nc6 7.Bg5 cxd4 8.cxd4 Be7
9.Nc3 b4 10.Na4 Rc8 11.Nd2 O-O 12.Nb3 Na5 13.Bxb7 Nxb7 14.Qd3 Na5 15.Rfc1 Nxb3
16.axb3 Rxc1+ 17.Rxc1 h6 18.Bxf6 Bxf6 19.e3 Qb8 20.Qa6 d6 21.Rc6 Rd8 22.Qc4 Qb7
23.Rc7 Qe4 24.Rxa7 Qb1+ 25.Kg2 Qe4+ 26.Kg1 Qb1+ 27.Kg2  1/2-1/2

[Event "Ed.Lasker mem"]
[Site "New York"]
[Date "1981.??.??"]
[Round "10"]
[White "Fedorowicz, John P"]
[Black "Day, Lawrence A"]
[Result "1-0"]
[WhiteElo "2435"]
[BlackElo "2430"]

1.d4 Nf6 2.c4 d6 3.Nc3 c6 4.e4 e5 5.Nf3 Qa5 6.Bd3 Bg4 7.d5 Na6 8.h3 Bxf3
9.Qxf3 Nc5 10.Bc2 Be7 11.O-O O-O 12.Rb1 Qc7 13.Qe2 Rfc8 14.Be3 Ncd7 15.Rfd1 cxd5
16.cxd5 Qd8 17.Rdc1 a6 18.Qd2 h6 19.g3 Ne8 20.h4 Nef6 21.f3 Nf8 22.Qf2 N6d7
23.Bd3 Qe8 24.Bf1 Nc5 25.Qd2 Bd8 26.Bh3 Ncd7 27.Qf2 Rcb8 28.Nd1 Rc8 29.Rxc8 Rxc8
30.Qd2 Bc7 31.Bf2 Qd8 32.Qb4 Rb8 33.Kg2 b5 34.Rc1 a5 35.Qd2 Nf6 36.Ne3 Ng6
37.Nf5 Ne7 38.Qc3 Ne8 39.Nxe7+ Qxe7 40.Qc6 Bd8 41.Qa6 Kf8 42.Kg1 Qb7 43.Rc6 Qxa6
44.Rxa6 Rb7 45.Rc6 Ke7 46.f4 Bc7 47.Kg2 Bb8 48.Bb6 Bc7 49.Be3 Bb8 50.Kf3 Bc7
51.Ra6 Rb8 52.Ra7 Kd8 53.fxe5 dxe5 54.Bc5 Bb6 55.Be7+  1-0

[Event "Ed.Lasker mem"]
[Site "New York"]
[Date "1981.??.??"]
[Round "12"]
[White "Fedorowicz, John P"]
[Black "Watson, John L"]
[Result "1/2-1/2"]
[WhiteElo "2435"]
[BlackElo "2430"]

1.d4 Nf6 2.c4 g6 3.Nc3 Bg7 4.e4 d6 5.f3 O-O 6.Bg5 c5 7.d5 e6 8.Qd2 Qa5 9.a4 exd5
10.cxd5 Na6 11.Nge2 Re8 12.Nc1 Bd7 13.Be2 Qb4 14.Nd3 Qa5 15.O-O c4 16.Nf2 Qb4
17.Ra3 Nc5 18.Qc2 Rac8 19.Rd1 a6 20.Be3 Re7 21.a5 Ne8 22.Bg5 f6 23.Be3 f5
24.Bd4 Bxd4 25.Rxd4 Nb3 26.Rd1 Nxa5 27.Qd2 Nb3 28.Qg5 Rf7 29.exf5 Rxf5 30.Qg4 Nc5
31.Ra2 Rf7 32.Rd4 Nb3 33.Rxc4 Rxc4 34.Qxc4 Qb6 35.Ne4 Bf5 36.Ng3 Rc7 37.Qa4 Rc1+
38.Bf1 Nf6 39.Ra3 Nd2 40.Ra1 Rxa1 41.Qxa1 Nxd5 42.Nxf5  1/2-1/2

[Event "Hamar op"]
[Site "Hamar"]
[Date "1982.??.??"]
[Round "1"]
[White "Johansen, Svein Age"]
[Black "Fedorowicz, John P"]
[Result "1/2-1/2"]
[WhiteElo "2200"]
[BlackElo "2455"]

1.e4 c5 2.Nf3 d6 3.d4 cxd4 4.Nxd4 Nf6 5.Nc3 e6 6.Be2 Nc6 7.Be3 Be7 8.O-O O-O
9.Kh1 Bd7 10.f4 a6 11.Qe1 b5 12.a3 Qb8 13.Bf3 Nxd4 14.Bxd4 e5 15.Be3 Bc6
16.Qg3 a5 17.fxe5 dxe5 18.Bh6 Ne8 19.Rad1 Kh8 20.Bg5 Bxg5 21.Qxg5 Nf6 22.Qe3 b4
23.axb4 axb4 24.Nd5 Bxd5 25.exd5 Qd6 26.Rfe1 Rfe8 27.c4 bxc3 28.bxc3 Rac8
29.Be2 g6 30.c4 Kg7 31.Rb1 Rc5 32.Rb7 Re7 33.Rxe7 Qxe7 34.Rd1 Qd6 35.g3 h5
36.h3 Ra5 37.Kg2 Nd7 38.Rf1 Ra3 39.Qf2 f5 40.Rb1 h4 41.gxh4 f4 42.Rb7 Kh6
43.h5 gxh5 44.Kh2 Rg3 45.Bf1 Rg7 46.Bg2 Nc5 47.Rxg7 Kxg7 48.Qh4 Kh6 49.Bf3 Qg6
50.Qf2 e4 51.Be2 Qd6 52.Kh1  1/2-1/2

[Event "Hamar op"]
[Site "Hamar"]
[Date "1982.??.??"]
[Round "2"]
[White "Fedorowicz, John P"]
[Black "Cox, John J"]
[Result "1-0"]
[WhiteElo "2455"]
[BlackElo "2285"]

1.e4 e6 2.d4 d5 3.Nc3 Nf6 4.Bg5 Bb4 5.e5 h6 6.Bd2 Bxc3 7.bxc3 Ne4 8.Qg4 g6
9.Bd3 Nxd2 10.Kxd2 c5 11.Nf3 Nc6 12.Rhb1 Qc7 13.Qf4 Bd7 14.Qf6 Rg8 15.h4 Rc8
16.h5 gxh5 17.Bh7 Rf8 18.dxc5 Na5 19.Ke2 Qxc5 20.Kf1 Qxc3 21.Kg1 Nc4 22.Re1 Nd2
23.Nh4 Ne4 24.Qg7 Qc5 25.Bxe4 dxe4 26.Rxe4 Qxc2 27.Rd4 Bc6 28.Rad1 Bd5 29.R4d2 Qe4
30.Rd4 Qc2 31.f3 Kd7 32.Qf6 Qc5 33.Kh2 Rc6 34.Nf5 Kc7 35.Ne7 Rb6 36.Nxd5+ exd5
37.Qf4 Qe7 38.Rxd5 Re6 39.Qc4+ Rc6 40.Qd4 Qe6 41.Qxa7 Re8 42.Rb5 Rb8 43.Rdb1  1-0

[Event "Hamar op"]
[Site "Hamar"]
[Date "1982.??.??"]
[Round "4"]
[White "Fedorowicz, John P"]
[Black "Myreng, Svein G"]
[Result "1/2-1/2"]
[WhiteElo "2455"]
[BlackElo "2220"]

1.e4 e6 2.d4 d5 3.Nc3 Bb4 4.e5 c5 5.a3 Bxc3+ 6.bxc3 Qc7 7.Nf3 Ne7 8.a4 b6
9.Bb5+ Bd7 10.Be2 Nbc6 11.O-O O-O 12.Re1 Rac8 13.Ba6 Rb8 14.Bf1 Rfc8 15.g3 Na5
16.Bd3 h6 17.Nh4 Nf5 18.Nxf5 exf5 19.e6 fxe6 20.Bf4 Qb7 21.Bxb8 Qxb8 22.Bb5 Qd6
23.Qe2 Kf7 24.Qh5+ Kf6 25.Re2 Nc6 26.Rae1 Re8 27.Re3 Re7 28.Kh1 Re8 29.Rg1 Qf8
30.Qd1 Qd6 31.Qh5 Qf8 32.Ra1 g6 33.Qd1 Qd6 34.a5 cxd4 35.cxd4 Nxa5 36.Bxd7 Qxd7
37.Rea3 Qb5  1/2-1/2

[Event "Hamar op"]
[Site "Hamar"]
[Date "1982.??.??"]
[Round "6"]
[White "Fedorowicz, John P"]
[Black "Gudmundsson, Elvar"]
[Result "1/2-1/2"]
[WhiteElo "2455"]
[BlackElo "2320"]

1.e4 c6 2.d4 d5 3.Nc3 dxe4 4.Nxe4 Nd7 5.Bc4 Ngf6 6.Nxf6+ Nxf6 7.c3 e6 8.Nf3 Be7
9.O-O O-O 10.Qe2 c5 11.dxc5 Bxc5 12.Bg5 b6 13.Rad1 Qc7 14.Bxf6 gxf6 15.Nd4 f5
16.Rd3 Kh8 17.Rfd1 Rg8 18.Nb5 Qf4 19.Rf3 Qh4 20.Rh3 Qf4 21.Rf3 Qh4 22.Rh3 Qf4
23.Rf3  1/2-1/2

[Event "Hamar op"]
[Site "Hamar"]
[Date "1982.??.??"]
[Round "8"]
[White "Sapi, Laszlo"]
[Black "Fedorowicz, John P"]
[Result "0-1"]
[WhiteElo "2365"]
[BlackElo "2455"]

1.d4 Nf6 2.c4 c5 3.d5 b5 4.cxb5 a6 5.e3 g6 6.Nc3 d6 7.Nf3 Bg7 8.e4 O-O 9.Be2 axb5
10.Bxb5 Nxe4 11.Bd2 Nxd2 12.Qxd2 Qa5 13.Be2 Nd7 14.O-O Rb8 15.Rac1 Qb4 16.b3 Nb6
17.Rfe1 Bxc3 18.Rxc3 Nxd5 19.Rc2 Qxd2 20.Rxd2 Nf4 21.Bf1 Rb7 22.g3 Ne6 23.Bc4 Ra7
24.Re3 h6 25.h4 Ng7 26.Bd5 Nf5 27.Rc3 Bb7 28.g4 Bxd5 29.Rxd5 Ng7 30.Kg2 Ne6  0-1

[Event "Hamar op"]
[Site "Hamar"]
[Date "1982.??.??"]
[Round "9"]
[White "Davies, Nigel R"]
[Black "Fedorowicz, John P"]
[Result "1/2-1/2"]
[WhiteElo "2410"]
[BlackElo "2455"]

1.d4 Nf6 2.Nf3 b5 3.Bg5 Bb7 4.e3 a6 5.Bd3 e6 6.O-O Be7 7.a4 b4 8.Nbd2 O-O
9.Nb3 Ra7 10.Nc5 Ba8 11.Qe2 a5 12.e4 d6 13.Nb3 Nbd7 14.Rfe1 Re8 15.Nfd2 g6
16.Nc4 Nxe4 17.Bxe7 Qxe7 18.Bxe4 d5 19.Bd3 dxc4 20.Bxc4 Qg5 21.f3 Nb6 22.Bd3 Rd8
23.Qf2 Bd5 24.Nc5 Raa8 25.c3 bxc3 26.bxc3 Qe7 27.Qg3 Rd6 28.Qe5 Nd7 29.Nxd7 Qxd7
30.Bb5 Bc6 31.Qc5 Bxb5 32.Qxb5 Qd8 33.Rab1 Rd5 34.Qc6 Rd6  1/2-1/2

[Event "WchT U26"]
[Site "Chicago"]
[Date "1983.??.??"]
[Round "?"]
[White "Fedorowicz, John P"]
[Black "Li Zunian"]
[Result "1-0"]
[WhiteElo "2430"]
[BlackElo "2415"]

1.d4 Nf6 2.c4 g6 3.Nc3 Bg7 4.e4 d6 5.f3 O-O 6.Bg5 c6 7.Qd2 a6 8.Bd3 b5 9.Nge2 Nbd7
10.O-O Bb7 11.Rad1 Qb8 12.a3 Rc8 13.cxb5 cxb5 14.Rc1 Nb6 15.b3 e5 16.dxe5 dxe5
17.a4 bxa4 18.Nxa4 Nxa4 19.bxa4 Bc6 20.a5 Bb5 21.Rxc8+ Qxc8 22.Bxb5 Qc5+
23.Be3 Qxb5 24.Ra1 Rc8 25.Rc1 Rxc1+ 26.Nxc1 Bf8 27.Nd3 Nd7 28.Qc3 h5 29.g3 Kh7
30.Kg2 Be7 31.h4 Bd8 32.Qa3 Qxa5 33.Qd6 Qa2+ 34.Kf1 Qb1+ 35.Kf2 Qa2+ 36.Kf1 Qb1+
37.Kg2 Qb5 38.Bf2 Bc7 39.Qe7 Kg7 40.Nc5 Nxc5 41.Bxc5 Qb8 42.f4 Qd8 43.f5 Qxe7
44.Bxe7 gxf5 45.exf5 Ba5 46.Kf3 Bc3 47.g4 hxg4+ 48.Kxg4 a5 49.f6+ Kh7 50.Kf5 Bb2
51.Bf8  1-0

[Event "WchT U26"]
[Site "Chicago"]
[Date "1983.??.??"]
[Round "?"]
[White "Trepp, Markus"]
[Black "Fedorowicz, John P"]
[Result "0-1"]
[WhiteElo "2270"]
[BlackElo "2430"]

1.e4 c5 2.Nf3 d6 3.d4 cxd4 4.Nxd4 Nf6 5.Nc3 Nc6 6.f4 Qb6 7.Nb3 e6 8.Qf3 Be7
9.Bd3 a6 10.Be3 Qc7 11.g4 b5 12.g5 Nd7 13.h4 Nb6 14.a3 b4 15.axb4 Nxb4 16.Na5 Rb8
17.O-O Nd7 18.Rf2 O-O 19.Bf1 Re8 20.Qd1 Bf8 21.Bg2 Nb6 22.Nb1 Bd7 23.c3 Nc6
24.Nxc6 Bxc6 25.b3 Bb7 26.Qd3 Nd7 27.Nd2 Rbc8 28.Rc1 a5 29.Qb1 Ba6 30.Bf1 Bxf1
31.Rfxf1 Rb8 32.Qc2 Qb7 33.Rb1 Qa6 34.Rfc1 Rec8 35.Nf1 Nc5 36.Rd1 Qb5 37.c4 Qb4
38.Nd2 Qb7 39.Re1 Qc6 40.Bf2 Rb4 41.Nf3 Qa6 42.Nd2 d5 43.exd5 exd5 44.Qf5 dxc4
45.bxc4 Rxb1 46.Nxb1 g6 47.Qd5 a4 48.Nc3 a3 49.Nb5 a2 50.Bd4 Nb3 51.Ba1 Qb6+
52.Kh2 Qf2+  0-1